00290nam a2200121Ia 4500008004100000041000900041082001900050100002400069245002000093260003900113300000800152650000800160230718s9999 xx 000 0 und d aEng. a346.104bPIL-W aPilcher, Rosamunde  0aWinter Solstice aPakistanboxford anivery forc2000 a245 aLaw